000 01026nam a2200289Ia 4500
003 OSt
005 20220928132855.0
006 a|||||r|||| 00| 0
007 ta
008 220927b |||||||| |||| 00| 0 eng d
020 _cUSD 225.00
024 _a136521
037 _b155, 22/11/2017, Classic Book Service
_cTextual
040 _aSDCL
_cSDCL
_beng
041 _2eng
_aeng
082 _aX:8F.1'P, Q7.1-3
100 _aBeyersdorff Martin
_9483328
245 0 _aInternational gaap 2017
_b Generally accepted accounting practice under international financial reporting standards (3 Vol. set)
260 _aChichester
_bWiley
_c2017
490 _vV1: xxii,1578+187p.
650 _aFinancial Studies
700 _a Bonham Mike
_9483329
700 _a Hurwuth Jane
_9483330
700 _a Pankhurst Margaret
_9483331
942 _hX:8F.1'P, Q7.1-3
_cTEXL
_2CC
999 _c796284
_d796284